000 01344nam0a2200337 4500
001 RU\NLR\BIBL_A\016355198
005 20230621153745.0
010 _a978-5-9775-1777-5
_91200
021 _aRU
_bКН-П-23-021048
_9КН-П-23-2094
035 _a(NLR Aleph) 016355198
090 _a13133562
_c13133562
100 _a20230425d2023 u y0rusy50 ca
101 0 _arus
_ceng
102 _aRU
105 _aac||z|||000zy
181 0 _ai
_baxxe
182 0 _an
200 1 _aHead First. Git
_e[лучший способ понять Git изнутри
_eпер. с англ.]
_fРаджу Ганди
203 _aТекст
_bвизуальный
_cнепосредственный
210 _aСанкт-Петербург
_cБХВ-Петербург
_d2023
215 _a464 с.
_cил., портр.
_d23
225 1 _aПрокачай свой мозг
300 _aЗагл. и авт. ориг.: Head first Git / Raju Gandhi
454 0 _12001#$aHead first Git$fRaju Gandhi
_1700#1$aGandhi$bR.$gRaju
_tHead first Git
_aGandhi, Raju
606 1 _aGIT, распределенная система управления версиями
_92263675
_3RU\NLR\AUTH\6601586774
686 1 _aЗ973.2-018
700 1 _aГанди
_bР.
_gРаджу
942 _cBOOK
980 _aNB